| 000 | 00840cam a22001934a 4500 | ||
|---|---|---|---|
| 005 | 20250605163924.0 | ||
| 008 | 250528s ||||||||||||||||||||||||d | ||
| 035 | _a14493 | ||
| 020 | _a819118303 | ||
| 040 |
_aGR-AtMCL _bgre _dGR-AtMCL _eAACR2 |
||
| 245 | 1 | _aStudying Behavior in Natural Settings | |
| 260 |
_bUniversity Press Of America, _c1981 |
||
| 300 | _a402 | ||
| 520 | _aPreface, Naturalistic Study - Nature and Need, Ethical Issues in Naturalistic Study, The Place of Theory and Purpose, Measurement Through Observational Procedures, Nonobservational Instruments, Four Naturalistic Cases, School Learning and Behavior, The School Environment, The Observer and His Tools, References, Author and Subject Index, Reference List of Studies. | ||
| 700 | 1 |
_aBrandt Richard M _9188 |
|
| 942 | _cBK | ||
| 999 |
_c122 _d122 |
||